BASIC OF PSYCHLOGY (Record no. 2310)

MARC details
000 -LEADER
fixed length control field 00327nam a2200133Ia 4500
008 - FIXED-LENGTH DATA ELEMENTS--GENERAL INFORMATION
fixed length control field 220530s9999 xx 000 0 und d
020 ## - INTERNATIONAL STANDARD BOOK NUMBER
International Standard Book Number 9788190933834
100 ## - MAIN ENTRY--PERSONAL NAME
Personal name BALLAL
9 (RLIN) 60837
245 ## - TITLE STATEMENT
Title BASIC OF PSYCHLOGY
250 ## - EDITION STATEMENT
Edition statement THIRD
260 ## - PUBLICATION, DISTRIBUTION, ETC. (IMPRINT)
Place of publication, distribution, etc. NAGPUR
Name of publisher, distributor, etc. EMMESS MEDICAL PUBLISHERS
650 ## - SUBJECT ADDED ENTRY--TOPICAL TERM
Topical term or geographic name as entry element PSYCHOLOGY
9 (RLIN) 60838
Holdings
Withdrawn status Lost status Damaged status Not for loan Home library Current library Date acquired Vendor Cost, normal purchase price Barcode Date last seen Bill Date Koha item type Original Barcode
        Sitabai Nargundkar College of Nursing Nagpur Sitabai Nargundkar College of Nursing Nagpur 25/09/2012 TEXTBOOK DONATED EMMS MEDICAL PUBLISHER 195.00 SNCN-BK-1203 05/05/2023 31/05/2022 Donated Book 1203